000
00289nam a22001211a 4500
999
_c
163792
_d
163792
082
_a
M09
_b
THA/P
245
_a
Paschatya sahitya thatwa saastram/
260
_a
_b
_c
650
_a
Literature Malayalam Criticism
650
_a
Literature Malayalam
650
_a
Literature
942
_c
BK